LEADER 00647nam a2200169 i 4500 001 000000006729 003 CaOOAMICUS 005 20180830125438.0 008 180830s1965 vc u000 u und u 040 $aSeMil$bita 245 10$aActa Pontificiae Commissionis Centralis praeparatoriae Concilii Oecumenici Vaticani 2. 773 0 $tSeries 2..$w()6720 774 0 $tSessio prima.$gPars1$w()55730 774 0 $tSessio tertia.$gPars2$w()55731 774 0 $tSessio quinta.$gPars3$w()55735 774 0 $tSessio septima.$gPars4$w()55737 996 $6245$aActa Pontificiae Commissionis Centralis praeparatoriae Concilii Oecumenici Vaticani 2$9(OLS)http://semarc/title/8993 LEADER 00916nam a2200241 i 4500 001 000000092877 003 CaOOAMICUS 005 20180830150129.0 008 180830s1975 xx u000 u und u 013 $a65119 020 $a88-425- 040 $aSeMil$bita 100 1 $aSurdich, Luigi.$0(OLS)http://semarc/name/41157 245 10$aInvito alla lettura di Carlo Castellaneta. 260 $aMilano :$bMursia,$c1975. 300 $a97 p. 490 0 $aInvito alla lettura. Sezione italiana ;$v40 830 0$aInvito alla lettura. Sezione italiana ;$v40.$0(OLS)http://semarc/title/7162 850 $aSeMil 852 $aSeMil$W1$xVenegono$y1$m58 7 40 *$j55705$B55705$CSeMilBibl$Z2$F60478 $81 996 $6020$a88-425-$9(OLS)http://semarc/number/73027 996 $6245$aInvito alla lettura di Carlo Castellaneta$9(OLS)http://semarc/title/138997 996 $6260$aMilano :$bMursia$9(OLS)http://semarc/publisher/30230